MARC

Tag First Indicator Second Indicator Subfields
LEADER 00000cam a22000005u 4500
001 in00002787464
005 20190331170715.0
006 m o d
007 cr nn 008mam|a
008 020906t2002 gw fo || 0 0 |||||
020 |a 9780784406441 
035 |a (American Society of Civil Eng)10.1061/9780784406441 
040 |d UtOrBLW 
245 0 0 |a Global Solutions for Urban Drainage /  |c Edited by Eric W. Strecker, Wayne C. Huber. 
264 1 |a Reston, VA :  |b American Society of Civil Engineers,  |c 2002. 
300 |a 1 online resource. 
336 |a text  |b txt  |2 rdacontent 
337 |a computer  |b c  |2 rdamedia 
338 |a online resource  |b cr  |2 rdacarrier 
500 |a Electronic resource. 
653 |a Proceedings  |a Environmental and Water Resources Institute (EWRI)  |a Water and water resources  |a Urban planning and development  |a Wastewater management  |a Available in Print 
655 7 |a Electronic books.  |2 local 
700 1 |a Strecker, Eric W. 
700 1 |a Huber, Wayne C. 
730 0 |a ASCE Library. 
856 4 0 |u http://proxy.library.tamu.edu/login?url=http://ascelibrary.org/action/showBook?doi=10.1061%2F9780784406441  |z Connect to the full text of this electronic book  |t 0 
999 |a MARS 
999 f f |s 2749d996-921f-3e3a-8dcc-9541b1ebe58a  |i f9762db0-0e0d-32c2-92f0-3236434f10a9  |t 0 
952 f f |a Texas A&M University  |b College Station  |c Electronic Resources  |d Available Online  |t 0  |h No information provided 
998 f f |t 0  |l Available Online